Loading...
| Science - Physics | 0 | 4 | 1 | 0 | 35 | 85 | 110.25 | 0 | 3 |
| Literature - Euro Lit | 0 | 4 | 1 | 2 | 35 | 68 | 102.75 | 1 | 2 |
| Arts - Other Arts | 1 | 2 | 0 | 1 | 35 | 23 | 78.67 | 1 | 2 |
| Thought - Philosophy | 2 | 0 | 0 | 0 | 30 | 59 | 64.50 | 1 | 2 |
| Other - Pop Culture | 1 | 1 | 0 | 1 | 25 | 24 | 75.50 | 1 | 1 |
| History - World History | 0 | 2 | 0 | 2 | 20 | 117 | 123.50 | 1 | 2 |
| Arts - Painting | 0 | 2 | 0 | 1 | 20 | 81 | 89.50 | 1 | 2 |
| Science - Biology | 0 | 2 | 0 | 2 | 20 | 121 | 121.50 | 0 | 2 |
| Other - Other Academic | 0 | 2 | 0 | 0 | 20 | 88 | 114.00 | 1 | 1 |
| Thought - Social Science | 0 | 2 | 1 | 1 | 15 | 71 | 99.50 | 0 | 2 |
| Beliefs - Mythology | 1 | 0 | 0 | 0 | 15 | 66 | 66.00 | 0 | 1 |
| Arts - Music | 0 | 2 | 1 | 1 | 15 | 122 | 124.50 | 0 | 1 |
| Beliefs - Religion | 1 | 0 | 1 | 0 | 10 | 70 | 70.00 | 1 | 1 |
| Literature - American Lit | 0 | 1 | 0 | 1 | 10 | 123 | 123.00 | 0 | 0 |
| Literature - World Lit | 0 | 1 | 0 | 0 | 10 | 108 | 108.00 | 0 | 0 |
| Other - Geo/CE | 0 | 1 | 1 | 0 | 5 | 97 | 97.00 | 1 | 1 |
| Science - Other Science | 0 | 1 | 1 | 0 | 5 | 108 | 108.00 | 0 | 0 |
| History - American History | 0 | 1 | 1 | 0 | 5 | 124 | 124.00 | 0 | 1 |
| Science - Chemistry | 0 | 0 | 0 | 0 | 0 | 0.00 | 0 | 0 | |
| History - Other History | 0 | 0 | 1 | 0 | -5 | 0.00 | 0 | 0 | |
| History - Euro History | 0 | 0 | 2 | 0 | -10 | 0.00 | 0 | 0 |